[Event "DEM U14w 2005"]
[Site "Willingen GER"]
[Date "2005.05.15"]
[Round "1"]
[White "Frey, Alisa"]
[Black "Winkelmann, Elena"]
[Result "1/2-1/2"]
[Termination "normal"]
[Board "1"]
[WhiteElo "1495"]
[BlackElo "2031"]
[PlyCount "94"]
[WhiteFideId "24634662"]
[BlackFideId "24607630"]
[EventCountry "GER"]
[EventRounds "9"]
[EventType "swiss"]
[EventDate "2005.05.15"]

1. e4 d5 2. exd5 Qxd5 3. Nc3 Qa5 4. d4 Nf6 5. Nf3 Bf5 6. Bd2 c6 7. Bc4 e6 8.
Qe2 Bb4 9. O-O-O Nbd7 10. a3 Bxc3 11. Bxc3 Qc7 12. Ne5 Nb6 13. Bb3 Nbd5 14. Bd2
a5 15. g4 Bg6 16. h4 h6 17. Nxg6 fxg6 18. Qxe6+ Qe7 19. Qxe7+ Kxe7 20. f3 Kd7
21. Rde1 b6 22. c3 Rhf8 23. Rhf1 b5 24. c4 Nc7 25. Rf2 Nxg4 26. Rg2 Nf6 27.
Rxg6 Nfe8 28. Rg3 bxc4 29. Bxc4 Nd5 30. Kc2 a4 31. Bxd5 cxd5 32. Re5 Kc6 33. f4
Rd8 34. Bb4 Rxf4 35. Rg6+ Rf6 36. Re6+ Rxe6 37. Rxe6+ Nd6 38. Rg6 Rd7 39. Bxd6
Rxd6 40. Rxg7 Rf6 41. Rg4 Kb5 42. b4 Kc4 43. Kb2 Rf2+ 44. Kb1 Kc3 45. Ka1 Rd2
46. Kb1 Re2 47. Rg6 Re1+ 1/2-1/2

[Event "DEM U14w 2005"]
[Site "Willingen GER"]
[Date "2005.05.15"]
[Round "1"]
[White "Hannes, Diana"]
[Black "Herbold, Nora Elise Marina"]
[Result "1-0"]
[Termination "normal"]
[Board "2"]
[WhiteElo "1922"]
[BlackElo "1484"]
[PlyCount "93"]
[WhiteFideId "24611344"]
[BlackFideId "4624548"]
[EventCountry "GER"]
[EventRounds "9"]
[EventType "swiss"]
[EventDate "2005.05.15"]

1. e4 c6 2. d4 d5 3. exd5 cxd5 4. c4 Nf6 5. Nc3 Nc6 6. Bg5 Ne4 7. Bf4 Qa5 8.
cxd5 Nxc3 9. bxc3 Qxd5 10. Qf3 Qxf3 11. Nxf3 Bg4 12. Nd2 e6 13. Rb1 b6 14. Bb5
Rc8 15. Nc4 f6 16. Ba6 Rd8 17. Bb7 Nb8 18. a4 Bf5 19. Rb2 Bd3 20. Ne3 Bd6 21.
Bxd6 Rxd6 22. Kd2 Ba6 23. Bf3 Nc6 24. Re1 O-O 25. Nc2 Rc8 26. Bxc6 Rcxc6 27.
Nb4 Bb7 28. Nxc6 Bxc6 29. a5 Bxg2 30. axb6 axb6 31. f4 Kf7 32. Reb1 Be4 33.
Rxb6 Bxb1 34. Rxd6 Be4 35. c4 Ke7 36. Ra6 g5 37. Ke3 Bc2 38. fxg5 fxg5 39. Rb6
Kd7 40. Kf3 h5 41. c5 Ba4 42. Rd6+ Ke7 43. Ke4 Bb3 44. Ke5 Bd5 45. Rxd5 exd5
46. Kxd5 Kd7 47. Ke5 1-0

[Event "DEM U14w 2005"]
[Site "Willingen GER"]
[Date "2005.05.15"]
[Round "1"]
[White "Penne, Bo"]
[Black "Kickert, Germaine-Helene"]
[Result "1/2-1/2"]
[Termination "normal"]
[Board "3"]
[WhiteElo "1459"]
[BlackElo "1920"]
[PlyCount "52"]
[WhiteFideId "24642193"]
[BlackFideId "24614890"]
[EventCountry "GER"]
[EventRounds "9"]
[EventType "swiss"]
[EventDate "2005.05.15"]

1. e4 c5 2. Nf3 Nc6 3. d4 cxd4 4. Nxd4 g6 5. Nc3 Bg7 6. Be3 Nf6 7. Be2 O-O 8.
O-O d5 9. exd5 Nxd5 10. Nxc6 bxc6 11. Bd4 Nxc3 12. Bxc3 Bxc3 13. bxc3 Be6 14.
Bf3 Bd5 15. Re1 Re8 16. c4 Bxf3 17. Qxf3 Qb6 18. Qc3 e6 19. Rab1 Qc7 20. Qf3
Red8 21. Red1 Rab8 22. Rxd8+ Rxd8 23. g3 Rd6 24. Qc3 Rd8 25. Qf6 Rd2 26. Qc3
Rd8 1/2-1/2

[Event "DEM U14w 2005"]
[Site "Willingen GER"]
[Date "2005.05.15"]
[Round "1"]
[White "Zier, Verena"]
[Black "Becher, Anne"]
[Result "0-1"]
[Termination "normal"]
[Board "4"]
[WhiteElo "1844"]
[BlackElo "1454"]
[PlyCount "122"]
[WhiteFideId "24620602"]
[EventCountry "GER"]
[EventRounds "9"]
[EventType "swiss"]
[EventDate "2005.05.15"]

1. d4 Nf6 2. c4 g6 3. Nc3 Bg7 4. g3 O-O 5. Bg2 d6 6. Nf3 Nbd7 7. O-O c5 8. e3
a6 9. b3 Rb8 10. Bb2 b5 11. Rb1 Qc7 12. d5 b4 13. Ne2 a5 14. Ng5 Nb6 15. Re1 a4
16. Nc1 h6 17. Ne4 Bf5 18. Nxf6+ exf6 19. e4 Bd7 20. Nd3 Rfe8 21. Qd2 Re7 22.
Qf4 Rbe8 23. Bxf6 g5 24. Qf3 Bg4 25. Qxg4 Bxf6 26. h4 Qd7 27. Qxd7 Rxd7 28.
hxg5 hxg5 29. f4 Bd4+ 30. Kf1 f6 31. Nc1 a3 32. Bh3 Rh7 33. Bg2 gxf4 34. gxf4
Rh4 35. Nd3 Kf7 36. Rbc1 Nd7 37. Rc2 Rg8 38. Ree2 Rg3 39. Rcd2 Be3 40. Rd1 Bxf4
41. Nxf4 Rxf4+ 42. Rf2 Rxf2+ 43. Kxf2 Rc3 44. Rd2 Ne5 45. Ke2 Ng6 46. Kd1 Nf4
47. Bf1 Re3 48. Bg2 Nxg2 49. Rxg2 Rxe4 50. Kd2 f5 51. Kd3 Kf6 52. Rg1 Rd4+ 53.
Ke2 Rg4 54. Ra1 Ke5 55. Kf3 Re4 56. Rd1 f4 57. Rd2 Kf5 58. Rd1 Re3+ 59. Kf2 Ke4
60. Rd2 f3 61. Kf1 Rd3 0-1

[Event "DEM U14w 2005"]
[Site "Willingen GER"]
[Date "2005.05.15"]
[Round "1"]
[White "Döring, Julia"]
[Black "Lorenz, Nicole"]
[Result "1/2-1/2"]
[Termination "normal"]
[Board "5"]
[WhiteElo "1454"]
[BlackElo "1761"]
[PlyCount "87"]
[BlackFideId "24623709"]
[EventCountry "GER"]
[EventRounds "9"]
[EventType "swiss"]
[EventDate "2005.05.15"]

1. e4 c6 2. d4 d5 3. e5 Bf5 4. Bd3 Bxd3 5. Qxd3 e6 6. Nf3 Nd7 7. c3 Qc7 8. Be3
Nb6 9. Nbd2 f6 10. Bf4 Nd7 11. Bg3 fxe5 12. Nxe5 Nxe5 13. Bxe5 Bd6 14. f4 Bxe5
15. fxe5 Ne7 16. Rf1 Nf5 17. g4 Nh6 18. Qg3 O-O-O 19. O-O-O Rhf8 20. h3 Qe7 21.
Qd3 g6 22. Nf3 Rf7 23. Rf2 Rdf8 24. Rdf1 Rf4 25. Qe3 Ng8 26. Nd2 Rxf2 27. Rxf2
h5 28. Rxf8+ Qxf8 29. gxh5 gxh5 30. Qg5 Qf7 31. h4 Kd7 32. b3 Ne7 33. Qg3 Nf5
34. Qf4 Qg7 35. Kd1 Qg2 36. Qf3 Qg1+ 37. Nf1 Ne3+ 38. Ke2 Nxf1 39. Qf7+ Kd8 40.
Qf8+ Kd7 41. Qf7+ Kd8 42. Qf8+ Kc7 43. Qe7+ Kb6 44. Qc5+ 1/2-1/2

[Event "DEM U14w 2005"]
[Site "Willingen GER"]
[Date "2005.05.15"]
[Round "1"]
[White "Remy, Janina"]
[Black "van Orsouw, Svenja"]
[Result "1-0"]
[Termination "normal"]
[Board "6"]
[WhiteElo "1720"]
[BlackElo "1421"]
[PlyCount "67"]
[WhiteFideId "24627348"]
[BlackFideId "24677124"]
[EventCountry "GER"]
[EventRounds "9"]
[EventType "swiss"]
[EventDate "2005.05.15"]

1. c4 Nf6 2. g3 g6 3. Bg2 Bg7 4. Nc3 d6 5. e4 O-O 6. Nge2 Nbd7 7. d3 e5 8. O-O
Ne8 9. Rb1 a5 10. Be3 c5 11. Nb5 Nb8 12. Nec3 Nc7 13. Nxc7 Qxc7 14. Nd5 Qd8 15.
Qd2 Be6 16. f4 f5 17. exf5 Bxf5 18. fxe5 Bxe5 19. Bg5 Qe8 20. Nc7 Qc8 21. Nxa8
Nd7 22. Rbe1 Qxa8 23. Bd5+ Kh8 24. Bf4 Bxf4 25. Rxf4 Ne5 26. Qc3 Qb8 27. Be4
Bxe4 28. Rexe4 b6 29. d4 cxd4 30. Qxd4 Kg8 31. Rxf8+ Qxf8 32. Qd5+ Qf7 33. Qxd6
Nxc4 34. Qd8+ 1-0

[Event "DEM U14w 2005"]
[Site "Willingen GER"]
[Date "2005.05.15"]
[Round "1"]
[White "Bakalarz, Janet"]
[Black "Smolkina, Milana"]
[Result "1/2-1/2"]
[Termination "normal"]
[Board "7"]
[WhiteElo "1399"]
[BlackElo "1709"]
[PlyCount "114"]
[BlackFideId "24618780"]
[EventCountry "GER"]
[EventRounds "9"]
[EventType "swiss"]
[EventDate "2005.05.15"]

1. e4 c5 2. Nf3 d6 3. d4 cxd4 4. Nxd4 Nf6 5. Nc3 g6 6. Be3 Bg7 7. f3 O-O 8. Qd2
Nc6 9. O-O-O Nxd4 10. Bxd4 Be6 11. g4 Qa5 12. Kb1 Rfc8 13. Nd5 Qxd2 14. Rxd2
Bxd5 15. Bxf6 Bxa2+ 16. Kxa2 Bxf6 17. f4 Rc6 18. h4 Rb6 19. c3 a5 20. Rh3 Rc6
21. Bb5 Rc5 22. Rd5 Rd8 23. g5 Bg7 24. Rhd3 Rxd5 25. exd5 e5 26. dxe6 fxe6 27.
Bc4 d5 28. Bb3 b5 29. Kb1 Rf8 30. Re3 Kf7 31. Kc2 Re8 32. Kd3 Re7 33. Ba2 Ke8
34. b3 b4 35. c4 Kd7 36. Bb1 Kd6 37. cxd5 exd5 38. Rxe7 Kxe7 39. Ke3 Bb2 40. f5
Kf7 41. Bd3 Bc3 42. Kf4 Kg7 43. Kg4 gxf5+ 44. Bxf5 h6 45. g6 Kf8 46. h5 Bg7 47.
Bd3 Ke7 48. Kf5 Kd6 49. Kf4 Kc5 50. Ke3 Kb6 51. Kf4 Kc5 52. Ke3 Be5 53. Bc2 a4
54. bxa4 Bh8 55. Kd3 d4 56. Bb3 Bg7 57. Ba2 Bf6 1/2-1/2

[Event "DEM U14w 2005"]
[Site "Willingen GER"]
[Date "2005.05.15"]
[Round "1"]
[White "Müller, Anna-Louise"]
[Black "Gahn, Juliane"]
[Result "1/2-1/2"]
[Termination "normal"]
[Board "9"]
[WhiteElo "1381"]
[BlackElo "1606"]
[PlyCount "43"]
[WhiteFideId "4633512"]
[EventCountry "GER"]
[EventRounds "9"]
[EventType "swiss"]
[EventDate "2005.05.15"]

1. e4 c5 2. Nf3 e6 3. d4 cxd4 4. Nxd4 a6 5. Nc3 Qc7 6. a3 Nf6 7. f3 d6 8. Be3
Bd7 9. Qd2 Be7 10. g4 Bc6 11. Bg2 b5 12. h4 Bb7 13. g5 Nfd7 14. f4 Nb6 15. Bf1
N8d7 16. Nb3 Rd8 17. O-O-O Na4 18. Bg2 Ndb6 19. Nxa4 Nxa4 20. Kb1 Rc8 21. Rc1
Rd8 22. Rcd1 1/2-1/2

[Event "DEM U14w 2005"]
[Site "Willingen GER"]
[Date "2005.05.15"]
[Round "1"]
[White "Mijatovic, Andrea"]
[Black "Kinzel, Tiffany"]
[Result "1-0"]
[Termination "normal"]
[Board "10"]
[WhiteElo "1551"]
[BlackElo "1265"]
[PlyCount "107"]
[WhiteFideId "14514524"]
[BlackFideId "4633741"]
[EventCountry "GER"]
[EventRounds "9"]
[EventType "swiss"]
[EventDate "2005.05.15"]

1. e4 c5 2. Nf3 d6 3. d4 cxd4 4. Nxd4 Nf6 5. Nc3 a6 6. a4 e6 7. Be2 Be7 8. O-O
O-O 9. Kh1 b6 10. f4 Bb7 11. Bf3 Qc7 12. Be3 Nbd7 13. Nb3 Rfd8 14. Qd4 Nc5 15.
Nxc5 bxc5 16. Qd3 d5 17. exd5 exd5 18. Bd2 d4 19. Ne4 Nxe4 20. Bxe4 Bxe4 21.
Qxe4 Rab8 22. b3 Bd6 23. g3 Re8 24. Qf3 c4 25. Qd5 Re2 26. Ba5 Qc5 27. Qxc5
Bxc5 28. Rfc1 cxb3 29. cxb3 Be7 30. Re1 Rxe1+ 31. Rxe1 Bc5 32. Rc1 Bf8 33. Rb1
h6 34. Kg2 Rb7 35. Kf2 Kh7 36. Ke2 Kg6 37. Kd3 Rd7 38. Rc1 Kf5 39. Rc4 Kg4 40.
Rxd4 Rxd4+ 41. Kxd4 Kh3 42. Kd5 Kxh2 43. Be1 Be7 44. Kc6 g5 45. fxg5 hxg5 46.
Kb6 Bd6 47. Kxa6 Bxg3 48. Bxg3+ Kxg3 49. b4 f5 50. b5 Kh3 51. b6 g4 52. b7 f4
53. b8=Q f3 54. Qf4 1-0

[Event "DEM U14w 2005"]
[Site "Willingen GER"]
[Date "2005.05.15"]
[Round "1"]
[White "Stein, Simone"]
[Black "Backer, Julia"]
[Result "0-1"]
[Termination "normal"]
[Board "11"]
[WhiteElo "1136"]
[BlackElo "1533"]
[PlyCount "84"]
[WhiteFideId "24692875"]
[EventCountry "GER"]
[EventRounds "9"]
[EventType "swiss"]
[EventDate "2005.05.15"]

1. e4 e6 2. d4 d5 3. exd5 exd5 4. Nf3 Bd6 5. Bd3 Ne7 6. Nc3 c6 7. O-O O-O 8.
Re1 Bg4 9. Bd2 Qc7 10. g3 Nf5 11. Bxf5 Bxf5 12. Rc1 Nd7 13. Ng5 Rfe8 14. Qf3
Bg6 15. Rxe8+ Rxe8 16. Ne2 f6 17. Nh3 Qc8 18. Nhf4 Be4 19. Qc3 Nf8 20. Re1 Qf5
21. Qe3 Re7 22. c3 Bb1 23. Qf3 Bxa2 24. Rd1 Bc4 25. Kg2 Bxe2 26. Nxe2 Qxf3+ 27.
Kxf3 b6 28. Bf4 Bxf4 29. Nxf4 Kf7 30. b3 Ne6 31. Nxe6 Kxe6 32. Re1+ Kd6 33.
Rxe7 Kxe7 34. c4 dxc4 35. bxc4 Kd6 36. Ke3 a5 37. f4 b5 38. cxb5 cxb5 39. Kd3
a4 40. Kc3 a3 41. Kb3 b4 42. f5 Kd5 0-1

[Event "DEM U14w 2005"]
[Site "Willingen GER"]
[Date "2005.05.15"]
[Round "1"]
[White "Billing, Tanja"]
[Black "Schultheiß, Vera"]
[Result "1-0"]
[Termination "normal"]
[Board "12"]
[WhiteElo "1524"]
[BlackElo "1115"]
[PlyCount "53"]
[WhiteFideId "24647993"]
[EventCountry "GER"]
[EventRounds "9"]
[EventType "swiss"]
[EventDate "2005.05.15"]

1. c4 e5 2. Nc3 Nf6 3. g3 Nc6 4. Bg2 Bc5 5. e3 O-O 6. Nge2 b6 7. O-O Bb7 8. a3
Re8 9. b4 Bf8 10. d4 exd4 11. exd4 d6 12. Rb1 Rb8 13. Bg5 g6 14. Qa4 Bg7 15.
Bxc6 Bxc6 16. Qxc6 h6 17. Bxf6 Bxf6 18. Qf3 h5 19. Rbd1 h4 20. Ne4 Kg7 21. Nxf6
Qxf6 22. Qxf6+ Kxf6 23. Nc3 hxg3 24. fxg3+ Kg7 25. Rde1 c6 26. Kg2 Rb7 27. Rxe8
1-0

[Event "DEM U14w 2005"]
[Site "Willingen GER"]
[Date "2005.05.15"]
[Round "1"]
[White "Knof, Henrike"]
[Black "Mertens, Pauline"]
[Result "0-1"]
[Termination "normal"]
[Board "13"]
[WhiteElo "1068"]
[BlackElo "1505"]
[PlyCount "86"]
[BlackFideId "24671959"]
[EventCountry "GER"]
[EventRounds "9"]
[EventType "swiss"]
[EventDate "2005.05.15"]

1. e4 c5 2. Nf3 d6 3. d4 cxd4 4. Nxd4 Nf6 5. Nc3 a6 6. f3 e5 7. Nb3 Be6 8. Nd5
Bxd5 9. exd5 Be7 10. Be3 Nbd7 11. Qd2 Qc7 12. O-O-O Rc8 13. Kb1 Nb6 14. Bxb6
Qxb6 15. g4 Nd7 16. Bg2 Nc5 17. Nxc5 Qxc5 18. Rc1 b5 19. h4 O-O 20. f4 b4 21.
f5 a5 22. g5 a4 23. h5 Qc4 24. f6 gxf6 25. gxf6 Bxf6 26. Bh3 Qf4 27. Qg2+ Qg5
28. Qxg5+ Bxg5 29. Rhg1 h6 30. Bxc8 Rxc8 31. b3 axb3 32. axb3 f5 33. Kb2 Rc5
34. Rcd1 Kf7 35. Rg3 e4 36. c4 bxc3+ 37. Rxc3 Bf6 38. Rdc1 Rxd5 39. b4 f4 40.
Kc2 Bxc3 41. Kxc3 f3 42. Kc4 Rxh5 43. b5 Rc5+ 0-1

[Event "DEM U14w 2005"]
[Site "Willingen GER"]
[Date "2005.05.15"]
[Round "2"]
[White "Backer, Julia"]
[Black "Hannes, Diana"]
[Result "0-1"]
[Termination "normal"]
[Board "1"]
[WhiteElo "1533"]
[BlackElo "1922"]
[PlyCount "50"]
[BlackFideId "24611344"]
[EventCountry "GER"]
[EventRounds "9"]
[EventType "swiss"]
[EventDate "2005.05.15"]

1. e4 c5 2. Nf3 Nc6 3. Bb5 g6 4. Bxc6 bxc6 5. d3 Bg7 6. O-O d6 7. h3 Rb8 8. c3
Ba6 9. Re1 Qc7 10. Qc2 e5 11. Nh2 c4 12. dxc4 Bxc4 13. b3 Be6 14. c4 Ne7 15.
Nc3 d5 16. cxd5 cxd5 17. exd5 Nxd5 18. Bb2 O-O 19. Rac1 Nb4 20. Qb1 Qb7 21. Nf3
Bf5 22. Ne4 Bxe4 23. Rxe4 Nxa2 24. Bxe5 Nxc1 25. Bxb8 Rxb8 0-1

[Event "DEM U14w 2005"]
[Site "Willingen GER"]
[Date "2005.05.15"]
[Round "2"]
[White "Billing, Tanja"]
[Black "Remy, Janina"]
[Result "1/2-1/2"]
[Termination "normal"]
[Board "2"]
[WhiteElo "1524"]
[BlackElo "1720"]
[PlyCount "44"]
[WhiteFideId "24647993"]
[BlackFideId "24627348"]
[EventCountry "GER"]
[EventRounds "9"]
[EventType "swiss"]
[EventDate "2005.05.15"]

1. c4 Nf6 2. d4 g6 3. Nc3 d5 4. e3 Bg7 5. Bd3 O-O 6. Nf3 c5 7. dxc5 Qa5 8. O-O
dxc4 9. Bxc4 Qxc5 10. Bb3 Bf5 11. Nd4 Nc6 12. Na4 Qa5 13. Nxc6 bxc6 14. Bc2
Rfd8 15. Qe2 Bxc2 16. Qxc2 Nd5 17. Bd2 Qb5 18. Nc3 Qc4 19. Rfd1 Nxc3 20. Bxc3
Rxd1+ 21. Rxd1 Qxa2 22. Bxg7 Kxg7 1/2-1/2

[Event "DEM U14w 2005"]
[Site "Willingen GER"]
[Date "2005.05.15"]
[Round "2"]
[White "Mertens, Pauline"]
[Black "Karmann, Anna"]
[Result "0-1"]
[Termination "normal"]
[Board "3"]
[WhiteElo "1505"]
[BlackElo "1639"]
[PlyCount "124"]
[WhiteFideId "24671959"]
[BlackFideId "24648000"]
[EventCountry "GER"]
[EventRounds "9"]
[EventType "swiss"]
[EventDate "2005.05.15"]

1. e4 Nf6 2. e5 Nd5 3. c4 Nb6 4. d4 d6 5. Nf3 g6 6. b3 Bg7 7. Bb2 Nc6 8. exd6
cxd6 9. Be2 O-O 10. O-O Bg4 11. Nbd2 d5 12. c5 Nc8 13. Re1 e6 14. h3 Bxf3 15.
Nxf3 N8e7 16. Bf1 Rc8 17. Qd2 Nf5 18. Rad1 b6 19. b4 a5 20. a3 axb4 21. axb4
Ra8 22. Ra1 Qc7 23. b5 Na5 24. cxb6 Qxb6 25. Qb4 Nc6 26. Qc5 Qxc5 27. dxc5 Bxb2
28. Rxa8 Rxa8 29. bxc6 Rc8 30. Bb5 Ne7 31. Rb1 Bf6 32. Rc1 Nxc6 33. Bxc6 Rxc6
34. Ne1 e5 35. f3 Bg5 36. Rc2 Be3+ 37. Kf1 Rxc5 38. Rxc5 Bxc5 39. Nd3 Bd6 40.
Ke2 f5 41. g4 fxg4 42. hxg4 Kf7 43. Ke3 Kf6 44. Ne1 Kg5 45. Kf2 h5 46. gxh5
gxh5 47. Nd3 h4 48. Kg2 Kf5 49. Kh3 Be7 50. Kg2 d4 51. Kh3 Bf6 52. Kg2 Ke6 53.
Nf2 Kd5 54. Kf1 Kc4 55. Ke2 Bg5 56. Ng4 Bf4 57. Nf2 Bg3 58. Nh3 Kc3 59. Kd1 Kd3
60. Ng1 Ke3 61. Kc1 Kf2 62. Nh3+ Kxf3 0-1

[Event "DEM U14w 2005"]
[Site "Willingen GER"]
[Date "2005.05.15"]
[Round "2"]
[White "Becher, Anne"]
[Black "Mijatovic, Andrea"]
[Result "0-1"]
[Termination "normal"]
[Board "4"]
[WhiteElo "1454"]
[BlackElo "1551"]
[PlyCount "90"]
[BlackFideId "14514524"]
[EventCountry "GER"]
[EventRounds "9"]
[EventType "swiss"]
[EventDate "2005.05.15"]

1. d4 d5 2. e3 Nf6 3. Bd3 Nbd7 4. Nd2 e5 5. c3 Bd6 6. dxe5 Nxe5 7. Bc2 O-O 8.
e4 dxe4 9. Nxe4 Nxe4 10. Bxe4 Re8 11. Ne2 Ng4 12. Qc2 g6 13. h3 Nxf2 14. Kxf2
Qh4+ 15. g3 Qxe4 16. Qxe4 Rxe4 17. Bf4 Bxf4 18. Nxf4 Be6 19. Kf3 Re5 20. b3
Bd5+ 21. Nxd5 Rxd5 22. Rad1 Rad8 23. Rde1 Rd2 24. a4 Rc2 25. Re3 Kg7 26. Rhe1
Rd6 27. c4 Rcd2 28. Re7 R2d3+ 29. R1e3 Rxe3+ 30. Kxe3 Re6+ 31. Rxe6 fxe6 32.
Ke4 Kf6 33. h4 h6 34. g4 c6 35. b4 e5 36. a5 b6 37. axb6 axb6 38. b5 cxb5 39.
cxb5 Ke6 40. Ke3 Kd5 41. h5 g5 42. Kd3 e4+ 43. Ke3 Ke5 44. Ke2 Kf4 45. Kf2 Kxg4
0-1

[Event "DEM U14w 2005"]
[Site "Willingen GER"]
[Date "2005.05.15"]
[Round "2"]
[White "Winkelmann, Elena"]
[Black "Penne, Bo"]
[Result "1-0"]
[Termination "normal"]
[Board "5"]
[WhiteElo "2031"]
[BlackElo "1459"]
[PlyCount "63"]
[WhiteFideId "24607630"]
[BlackFideId "24642193"]
[EventCountry "GER"]
[EventRounds "9"]
[EventType "swiss"]
[EventDate "2005.05.15"]

1. e4 c6 2. d4 d5 3. e5 Bf5 4. Nc3 e6 5. g4 Bg6 6. Nge2 h6 7. Nf4 Bh7 8. Be3
Nd7 9. Bd3 Bxd3 10. Nxd3 Qc7 11. Qe2 a6 12. f4 c5 13. f5 cxd4 14. Bxd4 Bc5 15.
Bxc5 Nxc5 16. Nf4 Qc6 17. Rf1 O-O-O 18. fxe6 fxe6 19. Ng6 Rh7 20. O-O-O d4 21.
Rf4 dxc3 22. Rxd8+ Kxd8 23. Qd1+ Kc7 24. Rf8 cxb2+ 25. Kb1 Kb6 26. Rxg8 Nd7 27.
Ne7 Qc7 28. Nc8+ Ka5 29. Qd2+ Kb5 30. Qd3+ Ka5 31. Qa3+ Kb5 32. Nd6+ 1-0

[Event "DEM U14w 2005"]
[Site "Willingen GER"]
[Date "2005.05.15"]
[Round "2"]
[White "Kickert, Germaine-Helene"]
[Black "Frey, Alisa"]
[Result "0-1"]
[Termination "normal"]
[Board "6"]
[WhiteElo "1920"]
[BlackElo "1495"]
[PlyCount "46"]
[WhiteFideId "24614890"]
[BlackFideId "24634662"]
[EventCountry "GER"]
[EventRounds "9"]
[EventType "swiss"]
[EventDate "2005.05.15"]

1. e4 e5 2. Nf3 Nc6 3. Bc4 Nf6 4. d3 Bc5 5. Nc3 d6 6. Bg5 h6 7. Bxf6 Qxf6 8.
Nd5 Qd8 9. c3 a6 10. b4 Ba7 11. O-O O-O 12. h3 Ne7 13. Ne3 Ng6 14. a4 Nf4 15.
Qb3 c6 16. b5 a5 17. bxc6 bxc6 18. Rab1 Qf6 19. Kh2 Nxh3 20. Nd1 Nf4 21. Qc2
Qg6 22. Ne1 Qh5+ 23. Kg1 Ne2+ 0-1

[Event "DEM U14w 2005"]
[Site "Willingen GER"]
[Date "2005.05.15"]
[Round "2"]
[White "Lorenz, Nicole"]
[Black "Bakalarz, Janet"]
[Result "1/2-1/2"]
[Termination "normal"]
[Board "7"]
[WhiteElo "1761"]
[BlackElo "1399"]
[PlyCount "99"]
[WhiteFideId "24623709"]
[EventCountry "GER"]
[EventRounds "9"]
[EventType "swiss"]
[EventDate "2005.05.15"]

1. e4 c5 2. Nf3 Nc6 3. d4 cxd4 4. Nxd4 Nf6 5. Nc3 e6 6. Be3 Bb4 7. Nxc6 bxc6 8.
Bd3 d5 9. exd5 cxd5 10. Bd4 O-O 11. O-O Re8 12. a3 Ba5 13. Bb5 Bd7 14. Bxd7
Nxd7 15. Ne2 e5 16. Bc3 Nf6 17. Qd3 Bxc3 18. Nxc3 Rb8 19. b4 e4 20. Qd2 d4 21.
Ne2 d3 22. Nc1 dxc2 23. Qxc2 Rc8 24. Qe2 Nd5 25. Nb3 Nc3 26. Qe3 Qd3 27. Rfe1
Nd5 28. Qxd3 exd3 29. Rxe8+ Rxe8 30. g3 Nc3 31. Kf1 f5 32. Re1 Ne4 33. Rd1 Rd8
34. Nc1 d2 35. Nb3 Rd3 36. Nc5 Rxa3 37. Nxe4 fxe4 38. Rxd2 Ra4 39. Rd4 a5 40.
Rd8+ Kf7 41. bxa5 Rxa5 42. Rd4 Re5 43. Ke2 Kf6 44. Ke3 Kf5 45. Rd7 Kf6 46. Rd4
Kf5 47. h3 h5 48. h4 g6 49. Rd8 Ra5 50. Rf8+ 1/2-1/2

[Event "DEM U14w 2005"]
[Site "Willingen GER"]
[Date "2005.05.15"]
[Round "2"]
[White "Smolkina, Milana"]
[Black "Müller, Anna-Louise"]
[Result "1-0"]
[Termination "normal"]
[Board "8"]
[WhiteElo "1709"]
[BlackElo "1381"]
[PlyCount "65"]
[WhiteFideId "24618780"]
[BlackFideId "4633512"]
[EventCountry "GER"]
[EventRounds "9"]
[EventType "swiss"]
[EventDate "2005.05.15"]

1. e4 c5 2. Nf3 d6 3. d4 cxd4 4. Nxd4 Nf6 5. Nc3 g6 6. Be3 Bg7 7. f3 O-O 8. Qd2
Nc6 9. Bc4 Bd7 10. h4 Rc8 11. Bb3 h5 12. O-O-O Ne5 13. Bh6 Nc4 14. Bxc4 Rxc4
15. Bxg7 Kxg7 16. Rhg1 Rh8 17. Nde2 Qc7 18. Kb1 b5 19. Nf4 Be6 20. Nxe6+ fxe6
21. Ne2 Kf7 22. Qd3 Rc5 23. Nf4 Rg8 24. Rde1 Re5 25. Nh3 Nh7 26. g4 Ke8 27.
gxh5 Rxh5 28. Nf4 Re5 29. Nxg6 Rc5 30. Nf4 Rxg1 31. Rxg1 Re5 32. Rg7 Nf6 33.
Ng6 1-0

[Event "DEM U14w 2005"]
[Site "Willingen GER"]
[Date "2005.05.15"]
[Round "2"]
[White "Gahn, Juliane"]
[Black "Döring, Julia"]
[Result "0-1"]
[Termination "normal"]
[Board "9"]
[WhiteElo "1606"]
[BlackElo "1454"]
[PlyCount "58"]
[EventCountry "GER"]
[EventRounds "9"]
[EventType "swiss"]
[EventDate "2005.05.15"]

1. e4 c6 2. d4 d5 3. Nd2 dxe4 4. Nxe4 Bf5 5. Ng3 Bg6 6. h4 h6 7. Nf3 Nd7 8. Bd3
Bxd3 9. Qxd3 Ngf6 10. c4 e6 11. Qe2 Be7 12. O-O Qc7 13. Bd2 Bd6 14. Nf5 O-O-O
15. Nxd6+ Qxd6 16. b4 Rdg8 17. Ne5 Qe7 18. Nf3 Ne8 19. d5 cxd5 20. cxd5 e5 21.
Rac1+ Kb8 22. Qc4 Nb6 23. Qc3 f6 24. Be3 Nd6 25. Qb3 g5 26. g3 e4 27. hxg5 exf3
28. gxh6 Qe4 29. Bf4 Qxf4 0-1

[Event "DEM U14w 2005"]
[Site "Willingen GER"]
[Date "2005.05.15"]
[Round "2"]
[White "Kinzel, Tiffany"]
[Black "Zier, Verena"]
[Result "0-1"]
[Termination "normal"]
[Board "10"]
[WhiteElo "1265"]
[BlackElo "1844"]
[PlyCount "98"]
[WhiteFideId "4633741"]
[BlackFideId "24620602"]
[EventCountry "GER"]
[EventRounds "9"]
[EventType "swiss"]
[EventDate "2005.05.15"]

1. d4 d5 2. e3 Bf5 3. Nd2 e6 4. f4 Nf6 5. Ngf3 Be7 6. Be2 O-O 7. Bd3 Re8 8.
Bxf5 exf5 9. O-O Bd6 10. Re1 Nbd7 11. Nf1 c6 12. c3 Nb6 13. b3 g6 14. Ng3 Nfd7
15. Bd2 Nf8 16. Re2 Nbd7 17. Be1 Re7 18. Qd2 Qe8 19. Bf2 Nf6 20. h3 Ne4 21.
Nxe4 Rxe4 22. Bh4 Bxf4 23. Rae1 Bh6 24. Qd3 Nd7 25. Bg5 Bxg5 26. Nxg5 Re7 27.
Nf3 Nf6 28. Nd2 Qd7 29. c4 Rae8 30. c5 Ne4 31. Nxe4 Rxe4 32. b4 R8e7 33. a3 Qe8
34. a4 f4 35. Kf2 fxe3+ 36. Rxe3 Rxe3 37. Rxe3 Rxe3 38. Qxe3 Qxe3+ 39. Kxe3 g5
40. g3 Kg7 41. Kf3 Kg6 42. Ke3 Kf5 43. Kf3 h5 44. Ke3 a6 45. a5 f6 46. Kd3 h4
47. gxh4 g4 48. hxg4+ Kxg4 49. Ke3 f5 0-1

[Event "DEM U14w 2005"]
[Site "Willingen GER"]
[Date "2005.05.15"]
[Round "2"]
[White "Herbold, Nora Elise Marina"]
[Black "Stein, Simone"]
[Result "1-0"]
[Termination "normal"]
[Board "11"]
[WhiteElo "1484"]
[BlackElo "1136"]
[PlyCount "75"]
[WhiteFideId "4624548"]
[BlackFideId "24692875"]
[EventCountry "GER"]
[EventRounds "9"]
[EventType "swiss"]
[EventDate "2005.05.15"]

1. e4 c5 2. Nf3 d6 3. d4 cxd4 4. Nxd4 Nf6 5. Nc3 g6 6. Be3 Bg7 7. f3 O-O 8. Qd2
Re8 9. O-O-O Bd7 10. g4 Nc6 11. h4 Rc8 12. Kb1 a6 13. h5 Qa5 14. hxg6 fxg6 15.
Bh6 Bh8 16. Nb3 Qb6 17. g5 Nh5 18. Qd5+ e6 19. Qxd6 Rcd8 20. Qh2 Nd4 21. Qf2 e5
22. Bc4+ Be6 23. Bxe6+ Rxe6 24. Nd5 Qc6 25. Nxd4 exd4 26. Rh4 Be5 27. f4 Bxf4
28. Nxf4 Rxe4 29. Nxh5 Rxh4 30. Nf6+ Kh8 31. Qxh4 Qf3 32. Qg4 Qe3 33. Qe4 Qxe4
34. Nxe4 Kg8 35. Nf6+ Kf7 36. Nxh7 Re8 37. Nf6 Re3 38. a3 1-0